00211nam a2200073Ia 4500008004100000100001300041245006300054260002000117120527s9999 xx 000 0 und d aTURY, R. aProperties of composite sections for Bridges and Buildings bBethlehem Steel